书目信息 |
| 题名: |
高校数字图书馆建设评估研究
|
|
| 作者: | 王启云 著 | |
| 分册: | ||
| 出版信息: | 北京 中国书籍出版社 2013.1 |
|
| 页数: | 214页 | |
| 开本: | 24cm | |
| 丛书名: | ||
| 单 册: | ||
| 中图分类: | G250.76 , G258.6 | |
| 科图分类: | ||
| 主题词: | 图书馆工作 , 院校图书馆 , 数字图书馆 , 院校图书馆--数字图书馆--图书馆工作--研究 | |
| 电子资源: | ||
| ISBN: | 978-7-5068-3059-1 | |
| 000 | 01436nam0 2200289 45 | |
| 001 | 1360539312 | |
| 005 | 20130603084512.62 | |
| 010 | @a978-7-5068-3059-1@dCNY43.00 | |
| 100 | @a20130513d2013 em y0chiy50 ea | |
| 101 | 0 | @achi |
| 102 | @aCN@b110000 | |
| 105 | @aa z 000yy | |
| 106 | @ar | |
| 200 | 1 | @a高校数字图书馆建设评估研究@AGao Xiao Shu Zi Tu Shu Guan Jian She Ping Gu Yan Jiu@f王启云著@FWang Qi Yun Zhu |
| 210 | @a北京@c中国书籍出版社@d2013.1 | |
| 215 | @a214页@c照片@d24cm | |
| 300 | @a中国书籍文库 | |
| 330 | @a本书基于高校数字图书馆建设评估研究基础概念澄清及其评估现状国内外研究的文献综述,采用调查研究方法,通过对高校数字图书馆建设评估相关标准与规范的剖析及国内相关实践案例分析,探讨了高校数字图书馆建设评估模型,评估指标体系构建的相关问题。本书选择国内有代表性的数字图书馆建设整体方案进行剖析,概括了高校数字图书馆建设评估模型及其评估目标有一定针对性。全书根据一定的方法程序,提出高校数字图书馆建设综合评估指标体系,具有现实指导意义;选择六所高校数字图书馆进行模拟评估、评分,并据此阐述了高校数字图书馆建设的经验认识和进一步发展的建设性意见,具有科学性。书后附博客日志,系统记录作者相关学习与研究历程。 | |
| 606 | 0 | @a图书馆工作 |
| 606 | 0 | @a院校图书馆 |
| 606 | 0 | @a数字图书馆 |
| 606 | 0 | @a院校图书馆@x数字图书馆@x图书馆工作@x研究 |
| 690 | @aG250.76@v5 | |
| 690 | @aG258.6@v5 | |
| 701 | 0 | @a王启云@AWang Qi Yun@f(1975-)@4著 |
| 801 | @aCN@bTANGWEI@c20130522 | |
| 905 | @b0835020-25@dG250.76@e142@f6 | |
| 高校数字图书馆建设评估研究/王启云著.-北京:中国书籍出版社,2013.1 |
| 214页:照片;24cm |
| 中国书籍文库 |
| ISBN 978-7-5068-3059-1:CNY43.00 |
| 本书基于高校数字图书馆建设评估研究基础概念澄清及其评估现状国内外研究的文献综述,采用调查研究方法,通过对高校数字图书馆建设评估相关标准与规范的剖析及国内相关实践案例分析,探讨了高校数字图书馆建设评估模型,评估指标体系构建的相关问题。本书选择国内有代表性的数字图书馆建设整体方案进行剖析,概括了高校数字图书馆建设评估模型及其评估目标有一定针对性。全书根据一定的方法程序,提出高校数字图书馆建设综合评估指标体系,具有现实指导意义;选择六所高校数字图书馆进行模拟评估、评分,并据此阐述了高校数字图书馆建设的经验认识和进一步发展的建设性意见,具有科学性。书后附博客日志,系统记录作者相关学习与研究历程。 |
| ● |
| 相关链接 |
|
|
|
|
正题名:高校数字图书馆建设评估研究
索取号:G250.76/142
 
预约/预借
| 序号 | 登录号 | 条形码 | 馆藏地/架位号 | 状态 | 备注 |
| 1 | 0835020 | 208350201 | 第一样本阅览室/ [索取号:G250.76/142] | 在馆 | |
| 2 | 0835021 | 208350210 | 第四借阅区/ [索取号:G250.76/142] | 在馆 | |
| 3 | 0835022 | 208350229 | 第四借阅区/ [索取号:G250.76/142] | 在馆 | |
| 4 | 0835023 | 208350238 | 第四借阅区/ [索取号:G250.76/142] | 在馆 | |
| 5 | 0835024 | 208350247 | 第四借阅区/ [索取号:G250.76/142] | 在馆 | |
| 6 | 0835025 | 208350256 | 第四借阅区/ [索取号:G250.76/142] | 在馆 |